Statistics for 1991 year quiz

Click here to take the quiz!

General Stats

  • This quiz has been taken 79 times
  • The average score is 7 of 10

Answer Stats

HintAnswer% Correct
This global superpower disbandsSoviet Union
93%
This singer dies of AIDS in LondonFreddie Mercury
91%
Operation 'Desert Storm' ends Saddam's invasion of this countryKuwait
87%
This boxer is arrested on rape chargesMike Tyson
84%
Baby Doc's Tonton Macoute attempts a coup in this Caribbean stateHaiti
77%
Birth of this multiple-award winning British singer and guitaristEd Sheeran
68%
This sports star announces he has HIVMagic Johnson
59%
This major airline foldsPan American World Airways
52%
First website on the World Wide Web created by this manTim Berners-Lee
39%
This sextet are freed after a UK miscarriage of justiceThe Birmingham Six
28%

Score Distribution

Percentile by Number Answered

Percent of People with Each Score

Your Score History

You have not taken this quiz